| 000 | 00628nam a2200205 a 4500 | ||
|---|---|---|---|
| 005 | 20140310183223.0 | ||
| 008 | 030923s19uu xx 00 eng d | ||
| 020 | _a9814053554 | ||
| 050 |
_aHD 2755.5 _b.D35 2000 |
||
| 100 | _aDaniels, John D. | ||
| 245 |
_aInternational business : _benvironments and operations / _cJohn D. Daniels; Lee H. Radebaugh. |
||
| 250 | _a8th ed. | ||
| 260 |
_a(S.l.) : _bAddison-Wesley Publishing Company, Inc, _c2000. |
||
| 300 |
_a909 p. : _bill. maps. ; _c23 cm. |
||
| 500 | _aIncludes index | ||
| 521 | _aBSBA | ||
| 650 | _aInternational business | ||
| 942 |
_cBK _2lcc _kFOR |
||
| 999 |
_c20349 _d20349 |
||